|
|
|
|
| LEADER |
01479nam a22003134a 4500 |
| 001 |
28747 |
| 003 |
BD-DhAAL |
| 005 |
20141230123308.0 |
| 008 |
141230s2013 enk b 001 0 eng |
| 010 |
|
|
|a 2012002658
|
| 020 |
|
|
|a 9780415538459 (hardback)
|
| 020 |
|
|
|a 9780203106440 (ebook)
|
| 040 |
|
|
|a DLC
|c DLC
|d DLC
|d BD-DhAAL
|
| 042 |
|
|
|a pcc
|
| 050 |
0 |
0 |
|a UG1525.D48
|b H37 2013
|
| 082 |
0 |
0 |
|a 333.9/4
|2 23
|
| 100 |
1 |
|
|a Harding, Robert C.
|9 7030
|
| 245 |
1 |
0 |
|a Space policy in developing countries :
|b the search for security and development on the final frontier /
|c Robert C. Harding.
|
| 260 |
|
|
|a Milton Park, Abingdon, Oxon ;
|a New York :
|b Routledge,
|c c2013.
|
| 300 |
|
|
|a x, 236 p. ;
|c 25 cm.
|
| 490 |
0 |
|
|a Space power and politics
|
| 504 |
|
|
|a Includes bibliographical references and index.
|
| 505 |
0 |
|
|a Introduction : space power as national power -- Space power and the modern state -- The evolution of national space policies -- First tier space powers (launching BRICs into space) -- Second tier space powers -- Third tier space powers -- Conclusions : space policy in developing countries.
|
| 541 |
|
|
|e 28747
|
| 650 |
|
0 |
|a Astronautics and state
|z Developing countries.
|9 7031
|
| 650 |
|
0 |
|a National security
|z Developing countries.
|9 7032
|
| 942 |
|
|
|2 ddc
|c BK
|
| 999 |
|
|
|c 33362
|d 33362
|
| 952 |
|
|
|0 0
|1 0
|2 ddc
|4 0
|6 333_900000000000000_4_HAR
|7 0
|9 44560
|a BRACUL
|b BRACUL
|c GEN
|d 2014-12-30
|e Karim International
|g 9820.00
|l 0
|o 333.94 HAR
|p 3010028747
|r 2014-12-30
|t 1
|w 2014-12-30
|y BK
|